000 00353nam a2200133Ia 4500
005 20260328104256.0
008 260328s9999||||xx |||||||||||||| ||und||
100 _aGómez, Maria Bárbara
245 0 _aEl Libro de la bici, Bogotá /
_cMaria Bárbara Gómez
260 _bBogotá Humana
300 _a181 p.
650 _aESPACIO PUBLICO
942 _cBK
999 _c10435
_d10435